Realidades: milagros de Dios hoy

Saved in:
Bibliographic Details
Main Author: Basilea Schlink, M (Author)
Format: Book
Language:Spanish
Published: Darmstadt Hermandad Evangélica de María 2007
Edition:1a. ed
Subjects:
Tags: Add Tag
No Tags, Be the first to tag this record!

MARC

LEADER 00000cam a2200000 a 4500
001 UCC6849
003 CL-VaPUC
008 190118e20070000gw |||||||||||||||||spa|d
082 0 4 |a 248.3  |b BAS  |2 21 
100 0 |a Basilea Schlink, M  |e author  |9 601374 
245 1 0 |a Realidades: milagros de Dios hoy 
250 |a 1a. ed 
300 |a 192 p 
942 |c BK 
945 |d 20190118 13:18:00  |a dcastane 
260 |a Darmstadt  |b Hermandad Evangélica de María  |c 2007 
650 0 |a Oración  |9 313348 
650 0 |a Vida religiosa  |9 257284 
650 0 |a Religiosas   |9 438133 
583 |a last modification  |c 20190118 13:18:00  |k Rodrigo Vera 
999 |c 373699  |d 373697 
952 |0 0  |1 0  |3 erb  |4 0  |6 248_300000000000000_BAS_2007  |7 0  |8 A  |9 491911  |a BIBTEO  |b BIBTEO  |i 5529174  |o 248.3 BAS 2007  |p 5529174  |r 2025-01-17  |w 2019-11-24  |y BK  |z Catalogado en:20190118  |k ICR